|
|
|
|
| LEADER |
00000nam a2200000 4500 |
| 005 |
20240718161107.0 |
| 008 |
230327b2011 a|||| |||| 00| | spa d |
| 090 |
|
|
|a 06.02.01
|
| 110 |
|
|
|a Costa Rica. Contraloría General de la República. División de Fiscalización Operativa y Evaluativa. Área de Servicios Sociales
|9 4853
|
| 245 |
1 |
0 |
|a Informe sobre el resultado de las acciones públicas implementadas en el Minsterio de Educación Pública para mejorar la cobertura en educación secundaria/
|b División de Fiscalización Operativa y Evaluativa. Área de Servicios Sociales
|
| 260 |
|
|
|a San José, Costa Rica :
|b La Contaloría,
|c 2011
|
| 300 |
|
|
|a 91 páginas;
|b ilustraciones, 1 recurso en línea; PDF
|
| 500 |
|
|
|a INFORME N° DFOE-SOC-IF-13-2011 30 de noviembre, 2011
|
| 650 |
1 |
4 |
|9 456
|a EDUCACIÓN SECUNDARIA
|
| 650 |
1 |
4 |
|9 287
|a EVALUACIÓN
|
| 856 |
|
|
|u https://uir.inie.ucr.ac.cr/cgi-bin/koha/opac-retrieve-file.pl?id=45f8de60a8dd2a41fbb283fbef0897e8
|
| 942 |
|
|
|i PDF0020
|h 06.02.01
|2 z
|c 08
|h 06.02.01
|6 060201_PDF0020
|
| 999 |
|
|
|c 4006
|d 4006
|